000 00643nam a2200253Ia 4500
003 OSt
005 20221006151730.0
006 a|||||r|||| 00| 0
007 ta
008 221006b |||||||| |||| 00| 0 jpn d
024 _a23,164
037 _cTextual
040 _aEASL
_cEASL
_bjpn
041 _2jpn
_ajpn
082 _aV42.D, L8
100 _aNIHON KINNENKAI JITEN
_9659881
245 0 _aNihon kingendai jiten
260 _aTokyo
_bKeizai Shinposha Japan
_c1978
300 _a1089p.
_ccm.
490 _v RR
650 _aJL
942 _hV42.D, L8
_cTEXL
_2CC
999 _c1091250
_d1091250